Ataky na "tradiční" funkce národních statů v globálních ekonomických procesech

Tradičné funkcie národných štátov. Analýza tradičných funkcií národných štátov v globalizačných procesoch, tak, ako sa chápanie týchto funkcií postupne sformulovalo na prelome 19. a 20. storočia.

Gespeichert in:
Bibliographische Detailangaben
1. Verfasser: Jiránková, Martina
Format: Buchkapitel
Sprache:Tschechisch
Schlagworte:
Tags: Tag hinzufügen
Keine Tags, Fügen Sie das erste Tag hinzu!

MARC

LEADER 00000naa$a2200000$$$4500
001 0092749
005 20231102114130.8
041 0 |a cze 
044 |a SK 
245 1 0 |a Ataky na "tradiční" funkce národních statů v globálních ekonomických procesech  |c Martina Jiránková 
520 |a Tradičné funkcie národných štátov. Analýza tradičných funkcií národných štátov v globalizačných procesoch, tak, ako sa chápanie týchto funkcií postupne sformulovalo na prelome 19. a 20. storočia. 
610 2 0 |a ekonómia politická 
610 2 0 |a dejiny myslenia ekonomického 
610 2 0 |a liberalizmus 
610 2 0 |a štát 
610 2 0 |a politika menová 
610 2 0 |a trh 
100 1 |a Jiránková, Martina